| 000 -ლიდერი |
| ფიქსირებული სიგრძის საკონტროლო ველი |
01316nam a22002537a 4500 |
| 003 - საკონტროლო ნომრის იდენტიფიკატორი |
| საკონტროლო ველი |
Ge_BSU |
| 005 - ბოლო ოპერაციის თარიღი და დრო |
| საკონტროლო ველი |
20230623121549.0 |
| 008 - ფიქსირებული სიგრძის მონაცემთა ელემენტები - ზოგადი ინფორმაცია |
| ფიქსირებული სიგრძის საკონტროლო ველი |
230623s2008 ge ||||| |||| 00| 0 geo d |
| 020 ## - წიგნის საერთაშორისო სტანდარტული ნომერი |
| International Standard Book Number |
9789941013775 |
| 022 ## - საერთაშორისო სტანდარტული სერიული ნომერი |
| International Standard Serial Number |
|
| 041 ## - ენის კოდი |
| Language code of text/sound track or separate title |
geo |
| 080 ## - უნივერსალური ათობითი კლასიფიკაციის ინდექსი |
| Universal Decimal Classification number |
94(32) ა-30 |
| 100 ## - მთავარი ჩანაწერი - პიროვნების სახელი |
| Personal name |
ავალიანი, ეკა |
| 9 (RLIN) |
16340 |
| 245 ## - ცნობა სათაურის შესახებ |
| Title |
ეგვიპტის-ძველაღმოსავლური მეგაიმპერიის ფორმირება : |
| Remainder of title |
ნარკვევები იმპერიებისა და კოლონიების ურთიერთობის ისტორიიდან / |
| Statement of responsibility, etc |
ეკა ავალიანი. |
| 264 ## - წარმოების, გამოცემის, დისტრიბუციის და სხვა ცნობები |
| გამოცემის, წარმოების, დისტრიბუციის... ადგილი |
თბილისი : |
| გამოცემის, წარმოების, დისტრიბუციის... სახელწოდება |
SABC, |
| გამოცემის, წარმოების, დისტრიბუციის... თარიღი |
[2008]. |
| 300 ## - ფიზიკური აღწერა |
| Extent |
172 გვ. ; |
| Other physical details |
20 სმ. |
| 490 ## - სერიის ცნობა |
| Series statement |
Studies of society of assyriologists, bibliologists and caucasioligists, 1987-6971 ; 3 |
| 500 ## - ზოგადი შენიშვნა |
| General note |
გარეკანი ქართ. და ინგლ. ენაზე |
| 501 ## - შენიშვნა თანმხლებ მასალაზე |
| With note |
დამატ. ლიტ. ძველ ეგვიპტეზე: გვ. 149-169. |
| 504 ## - BIBLIOGRAPHY, ETC. NOTE |
| Bibliography, etc |
ბიბლიოგრ. ტექსტ. შენიშვნ. |
| 520 ## - SUMMARY, ETC. |
| Summary, etc |
რეზ. ინგლ. ენაზე |
| 653 ## - INDEX TERM--UNCONTROLLED |
| Uncontrolled term |
ძველი ეგვიპტის ისტორია. |
| 942 ## - ADDED ENTRY ELEMENTS (KOHA) |
| Source of classification or shelving scheme |
|
| Koha item type |
წიგნი |